000 03091cam a22012134i 4500
003 PE-LiUPU
005 20250813185619.0
008 2006 sp a b spa
020 _a8471976919
035 _a(Sirsi) i9788471976918
035 _a(Sirsi) 50009
035 _a(Sirsi) 50009
041 _aes
044 _aes
082 0 4 _a370.1534
_bD4
245 _aDiseño y evaluación de programas de educación emocional /
_cManuel Álvarez González, coordinador ; colaboradores Montserrat Cuadrado y Vicent Pascual.
250 _a2a edición.
264 1 _aLas Rozas, Madrid :
_bWolters Kluwer Educación,
_c2006
300 _a231 páginas :
_bilustraciones ;
_c24 centímetros.
490 0 _aColección Educación Emocional
504 _aIncluye bibliografía.
505 0 _aIntervención por programas -- Los programas de orientación -- Programas de educación emocional -- La evaluación en educación emocional -- Instrumentos para la evaluación en educación emocional -- El cuestionario de educación emocional (C
526 _aP202
526 _aP201
526 _aP163
526 _aP162
526 _aP161
526 _aP160
526 _aP148
526 _aP147
526 _aP146
526 _aP145
526 _aP144
526 _aP143
526 _aP142
526 _aP141
526 _aP140
526 _aP139
526 _aP138
526 _aP137
526 _aP136
526 _aP135
526 _aP134
526 _aP133
526 _aP129
526 _aP128
526 _aP127
526 _aP120
526 _aP119
526 _aP118
526 _aP116
526 _aP115
526 _aP114
526 _aP110
526 _aP109
526 _aP108
526 _aP104
526 _aP103
526 _aP102
526 _aP99
526 _aP98
526 _aP97
526 _aP96
526 _aP95
526 _aP93
526 _aP90
526 _aP89
526 _aP88
526 _aP83
526 _aP82
526 _aP62
526 _aP59
526 _aP58
526 _aP57
526 _aP51
526 _aP49
526 _aP48
526 _aP47
526 _aP29
526 _aP24
526 _aP20
526 _aP19
526 _aP17
526 _aP15
526 _aP14
526 _aP12
526 _aP10
526 _aP09
526 _aP08
526 _aP07
526 _aP06
526 _aP05
526 _aP04
526 _aP01
650 1 4 _aInteligencia emocional
650 1 4 _aEmociones en niños
700 1 _aÁlvarez González, Manuel
_ecoord.
910 _agl
_bjv
_cng
_d20130214
942 _2ddc
_cBOOK
949 _a370.1534 D4
_i66598
_lCCODEBUL1
_mBUL
_tLIBRO
_o.STAFF. Colección Genera
596 _a1
999 _a370.1534 D4
_wDEWEY
_c54637
_i66598
_d54637
_e2017-6-28
_f2021-11-8
_g5
_lCCODEBUL1
_mBUL
_n3
_p38.00
_q1
_r0
_sY
_tBOOK
_u2015-7-6
_xEDUCACION
_PP20
_0COMPRA
_o.STAFF. Colección General
980 _81
_gALBERTO SANCHEZ Responsable de Automatización